| 000 | 00450nam a2200169 4500 | ||
|---|---|---|---|
| 001 | 138863 | ||
| 003 | ES-MaACL | ||
| 005 | 20230906195643.0 | ||
| 007 | t| | ||
| 008 | 070214s1955 sp r ||||1| spa d | ||
| 100 | 1 |
_aSanz Egaña, C. _9103635 |
|
| 245 | 1 | 0 |
_aVeterinaria legal / _cCesáreo Sanz Egaña. |
| 250 | _a2ª. ed. amp. | ||
| 260 |
_aMadrid : _bEspasa Calpe, _c1955. |
||
| 300 |
_a388 p. ; _c22 cm. |
||
| 852 |
_aES-MaACL _jC-9133 _bR.36957 |
||
| 999 |
_c138863 _d138863 |
||